Test geografia: Paises asiaticos - Estadísticas

Estadísticas generales
  • Esta prueba ha sido intentada 82 veces
  • La puntuación promedio es 14 de 18
Answers on the Grid
Answers color-coded by a green-red scale on the quiz's grid according to % correct below.
China
Rusia
Turquía
Grecia
Afganistan
Jamaica
Indonesia
Chipre
Tuvalu
Cabo verde
India
Corea del Norte
Burundi
Jordania
Georgia
Liberia
Andorra
Comoras
Japón
Laos
Fiyi
Kuwait
Maldivas
Palaos
Madagascar
Israel
Bahamas
Armenia
Nepal
Filipinas
Kiribati
Niger
 
Estadísticas de respuestas
Respuesta % Correcto
China
97%
Indonesia
97%
India
88%
Afganistan
87%
Turquía
87%
Corea del Norte
85%
Japón
80%
Rusia
77%
Jordania
75%
Georgia
72%
Nepal
68%
Laos
67%
Filipinas
65%
Kuwait
65%
Israel
63%
Armenia
60%
Maldivas
60%
Chipre
58%
No se encontraron pruebas coincidentes
Distribución de puntuación
Porcentaje de gente con cada puntuación
Porcentaje por número respondido
Historial de tus puntuaciones
No has intentado esta prueba.